[Event "Titled Tuesday intern op 03rd Jan Late"]
[Site "Chess.com INT"]
[Date "2025.06.03"]
[Round "7"]
[White "Muromtsev, Arthur"]
[Black "Mai, Alexander Oliver"]
[Result "1-0"]
[WhiteElo "1967"]
[BlackElo "2171"]
[PlyCount "85"]
[EventDate "2025.06.03"]
[EventType "swiss (blitz)"]
[EventRounds "11"]
[EventCountry "USA"]
[SourceTitle "CB24_2025"]
[SourceDate "2025.06.11"]
[SourceVersion "1"]
[SourceVersionDate "2025.06.11"]
[SourceQuality "1"]

1. e4 e5 2. Nc3 Nf6 3. g3 d5 4. exd5 Nxd5 5. Bg2 Nxc3 6. bxc3 Bc5 7. Nf3 Nc6 8. 0-0 0-0 9. d3 f6 10. Nh4 Bb6 11. Qh5 Be6 12. Be4 f5 13. Bxf5 Bxf5 14. Nxf5 Qf6 15. Ne3 Rad8 16. Kg2 g6 17. Qg4 h5 18. Qc4+ Kg7 19. Qe4 Rh8 20. f4 exf4 21. Rxf4 Qxc3 22. Rb1 Bd4 23. Bb2 Qd2+ 24. Rf2 Qa5 25. Bxd4+ Rxd4 26. Qe6 Nd8 27. Qe7+ Kh6 28. Nf5+ gxf5 29. Qf6+ Kh7 30. Qxd4 Ne6 31. Qe3 Qd5+ 32. Qf3 Qxf3+ 33. Rxf3 Kg6 34. Rxb7 a5 35. Ra7 Rd8 36. Ra6 Kf6 37. Re3 Re8 38. d4 c6 39. Rxc6 f4 40. Rexe6+ Rxe6 41. Rxe6+ Kxe6 42. gxf4 Kd5 43. f5 1-0

[Event "Titled Tuesday intern op 03rd Jan Late"]
[Site "Chess.com INT"]
[Date "2025.06.03"]
[Round "5"]
[White "Postny, Evgeny"]
[Black "Muromtsev, Arthur"]
[Result "1-0"]
[WhiteElo "2525"]
[BlackElo "1967"]
[PlyCount "67"]
[EventDate "2025.06.03"]
[EventType "swiss (blitz)"]
[EventRounds "11"]
[EventCountry "USA"]
[SourceTitle "CB24_2025"]
[SourceDate "2025.06.11"]
[SourceVersion "1"]
[SourceVersionDate "2025.06.11"]
[SourceQuality "1"]

1. Nf3 Nf6 2. c4 g6 3. d4 Bg7 4. Nc3 c5 5. d5 0-0 6. e4 d6 7. Be2 b5 8. cxb5 a6 9. a4 axb5 10. Bxb5 Ba6 11. Bd2 Nbd7 12. 0-0 Nb6 13. Qe2 Qc8 14. h3 Nfd7 15. Rfc1 Ne5 16. Nxe5 Bxe5 17. f4 Bd4+ 18. Kh2 e5 19. Rf1 Bxb5 20. axb5 Rxa1 21. Rxa1 f5 22. Ra6 Nd7 23. Rxd6 exf4 24. Bxf4 fxe4 25. Bg3 e3 26. b6 Be5 27. Bxe5 Nxe5 28. Qxe3 Qf5 29. b7 Qh5 30. Qg3 Qf5 31. Re6 Nd3 32. b8Q Nf4 33. Re8 Kg7 34. Rxf8 1-0

[Event "Titled Tuesday intern op 03rd Jan Late"]
[Site "Chess.com INT"]
[Date "2025.06.03"]
[Round "2"]
[White "Sethuraman, Roshan"]
[Black "Muromtsev, Arthur"]
[Result "1-0"]
[WhiteElo "2074"]
[BlackElo "1967"]
[PlyCount "61"]
[EventDate "2025.06.03"]
[EventType "swiss (blitz)"]
[EventRounds "11"]
[EventCountry "USA"]
[SourceTitle "CB24_2025"]
[SourceDate "2025.06.11"]
[SourceVersion "1"]
[SourceVersionDate "2025.06.11"]
[SourceQuality "1"]

1. e4 e5 2. Nf3 Nc6 3. Bb5 a6 4. Ba4 d6 5. d4 b5 6. Bb3 Nxd4 7. Nxd4 exd4 8. Bd5 Rb8 9. Qxd4 Nf6 10. 0-0 Be7 11. Nc3 0-0 12. a3 Ng4 13. Qd3 Kh8 14. Ne2 f5 15. Nd4 Ne5 16. Qe2 f4 17. f3 c6 18. Ba2 Qb6 19. c3 c5 20. Nc2 c4+ 21. Kh1 Nd3 22. Nb4 Bb7 23. Nxd3 cxd3 24. Qxd3 Rbd8 25. Bd2 d5 26. exd5 Qh6 27. Be1 Bh4 28. Bxh4 Qxh4 29. Rae1 Rf6 30. Qe4 Rh6 31. Qe8+ 1-0

[Event "Titled Tuesday intern op 03rd Jan Late"]
[Site "Chess.com INT"]
[Date "2025.06.03"]
[Round "6"]
[White "Yushko, Olga"]
[Black "Muromtsev, Arthur"]
[Result "1/2-1/2"]
[WhiteElo "2036"]
[BlackElo "1967"]
[PlyCount "99"]
[EventDate "2025.06.03"]
[EventType "swiss (blitz)"]
[EventRounds "11"]
[EventCountry "USA"]
[SourceTitle "CB24_2025"]
[SourceDate "2025.06.11"]
[SourceVersion "1"]
[SourceVersionDate "2025.06.11"]
[SourceQuality "1"]

1. d4 Nf6 2. c4 c5 3. d5 g6 4. Nc3 Bg7 5. e4 d6 6. f4 0-0 7. Nf3 e6 8. Bd3 exd5 9. exd5 Re8+ 10. Be2 Bg4 11. 0-0 a6 12. h3 Bxf3 13. Bxf3 Nbd7 14. Bd2 Rb8 15. a4 b6 16. Qc2 Qe7 17. Rfe1 Qf8 18. Qd3 h6 19. a5 bxa5 20. Na4 Rb4 21. Bxb4 cxb4 22. c5 dxc5 23. Qxa6 Rxe1+ 24. Rxe1 Kh7 25. Qxa5 Qd6 26. Qa8 c4 27. Qc6 Qxf4 28. d6 Ne5 29. Qb7 Qd4+ 30. Kh1 Qxd6 31. Rd1 Qe6 32. Be2 c3 33. bxc3 bxc3 34. Nxc3 Qf5 35. Qb2 Qg5 36. Qd2 Qg3 37. Bf1 h5 38. Ne2 Qh4 39. Qf4 Nfg4 40. g3 Qe7 41. hxg4 Bh6 42. Qf2 Nxg4 43. Qd4 Be3 44. Qd7 Qe4+ 45. Bg2 Nf2+ 46. Kh2 Ng4+ 47. Kh3 Nf2+ 48. Kh2 Ng4+ 49. Kh1 Nf2+ 50. Kh2 1/2-1/2

[Event "Chigorin Memorial 31st"]
[Site "St Petersburg"]
[Date "2024.10.26"]
[Round "1"]
[White "Muromtsev, Arthur"]
[Black "Belova, Darya"]
[Result "1-0"]
[WhiteElo "1944"]
[BlackElo "1627"]
[PlyCount "81"]
[EventDate "2024.10.26"]
[EventType "swiss"]
[EventRounds "9"]
[EventCountry "RUS"]
[SourceTitle "CB45_2024"]
[Source "ChessBase"]
[SourceDate "2024.11.06"]
[SourceVersion "1"]
[SourceVersionDate "2024.11.06"]
[SourceQuality "1"]

1. e4 c5 2. Nf3 Nc6 3. d4 cxd4 4. Nxd4 Nf6 5. Nc3 e6 6. Ndb5 Bc5 7. Nd6+ Ke7 8. Bf4 e5 9. Nf5+ Kf8 10. Bg5 Bb4 11. Bxf6 Qxf6 12. Ne3 Bxc3+ 13. bxc3 Ne7 14. Bc4 a6 15. 0-0 g6 16. Qd2 h5 17. Kh1 Kg7 18. f4 exf4 19. Rxf4 Qxf4 20. Nf5+ Qxf5 21. exf5 Nxf5 22. Qd5 Rf8 23. Qe5+ Kh7 24. Qf6 Nh6 25. Qe7 Kg8 26. Qd6 Kg7 27. Bd3 a5 28. Rf1 Re8 29. Qf6+ Kh7 30. Qd6 Re6 31. Qf8 b5 32. Qc5 Kg7 33. Qxb5 Ba6 34. Qxd7 Bxd3 35. cxd3 Nf5 36. d4 Rae8 37. d5 Re1 38. Kg1 R1e2 39. d6 Rb8 40. Qc7 Rbb2 41. d7 1-0

[Event "St Petersburg Korchnoi Memorial op"]
[Site "St Petersburg"]
[Date "2024.08.18"]
[Round "3"]
[White "Muromtsev, Arthur"]
[Black "Kundianok, Vladislav"]
[Result "1/2-1/2"]
[WhiteElo "1996"]
[BlackElo "2352"]
[PlyCount "154"]
[EventDate "2024.08.17"]
[EventType "swiss"]
[EventRounds "9"]
[EventCountry "RUS"]
[SourceTitle "CBM 221 Extra"]
[Source "ChessBase"]
[SourceDate "2024.09.30"]
[SourceVersion "1"]
[SourceVersionDate "2024.09.30"]
[SourceQuality "1"]

1. e4 c5 2. Nf3 d6 3. d4 cxd4 4. Nxd4 Nf6 5. Nc3 a6 6. Be3 e5 7. Nf3 Be7 8. Bc4 0-0 9. h3 Be6 10. Bb3 Nc6 11. 0-0 Rc8 12. Qe2 Na5 13. Bg5 Nh5 14. Qd2 Bxg5 15. Qxg5 Nf4 16. Qxd8 Rfxd8 17. Rfd1 b5 18. Rd2 Bc4 19. g3 b4 20. Na4 Ne6 21. Rad1 Bxb3 22. cxb3 Nb7 23. Nb6 Rc5 24. Nd5 a5 25. Ne3 Kf8 26. h4 g6 27. Nc4 Ke7 28. Nb6 f5 29. Nd5+ Kf7 30. Ng5+ Nxg5 31. hxg5 Ke6 32. f3 Rc6 33. Rh2 Rd7 34. Nf6 Rdc7 35. Nxh7 Rc1 36. Rxc1 Rxc1+ 37. Kf2 Rc2+ 38. Kg1 Rxh2 39. Kxh2 fxe4 40. fxe4 Nc5 41. Nf6 Nd3 42. a3 Nxb2 43. axb4 axb4 44. Kg2 Nd1 45. Kf3 Nc3 46. Nh7 Nb5 47. Ke3 Nd4 48. Nf6 Nxb3 49. Nd5 Nd4 50. Nxb4 Kf7 51. Nd5 Ne6 52. Nc3 Nxg5 53. Nd5 Nh7 54. Kf3 Nf6 55. Nc3 Ke6 56. Ne2 Kf7 57. Ng1 Ke6 58. Nh3 Kd7 59. Ng5 Kc6 60. Ne6 Kb5 61. Ng5 Kc5 62. Ne6+ Kc4 63. g4 Nd7 64. Ke3 Kc3 65. Nd8 Nb6 66. g5 Nc4+ 67. Kf3 Kd3 68. Nf7 Nd2+ 69. Kg4 Nxe4 70. Nh8 Nf2+ 71. Kg3 Ne4+ 72. Kg4 Nxg5 73. Kxg5 e4 74. Nxg6 d5 75. Kf4 e3 76. Ne5+ Kd4 77. Nf3+ Kd3 1/2-1/2

[Event "St Petersburg Korchnoi Memorial op"]
[Site "St Petersburg"]
[Date "2024.08.17"]
[Round "2"]
[White "Kuznetsov, Egor V"]
[Black "Muromtsev, Arthur"]
[Result "1/2-1/2"]
[WhiteElo "1640"]
[BlackElo "1996"]
[PlyCount "132"]
[EventDate "2024.08.17"]
[EventType "swiss"]
[EventRounds "9"]
[EventCountry "RUS"]
[SourceTitle "CBM 221 Extra"]
[Source "ChessBase"]
[SourceDate "2024.09.30"]
[SourceVersion "1"]
[SourceVersionDate "2024.09.30"]
[SourceQuality "1"]

1. e4 e5 2. Nf3 Nc6 3. Bb5 a6 4. Ba4 Nf6 5. d3 d6 6. 0-0 g6 7. Nc3 Bg7 8. Nd5 Bd7 9. Re1 h6 10. Bd2 Nxd5 11. exd5 Ne7 12. Bxd7+ Qxd7 13. c4 0-0 14. Bc3 f5 15. Nd2 Rae8 16. f3 g5 17. Nf1 Ng6 18. Ng3 Nf4 19. Qd2 Qf7 20. Ne2 Ng6 21. d4 e4 22. fxe4 Rxe4 23. Rf1 Nh4 24. Rae1 f4 25. Qd3 Rfe8 26. Nc1 Qf5 27. Rxe4 Qxe4 28. Qxe4 Rxe4 29. Nb3 Nf5 30. Nd2 Bxd4+ 31. Bxd4 Rxd4 32. Rf2 Ne3 33. b3 b5 34. Re2 bxc4 35. bxc4 a5 36. g3 a4 37. gxf4 gxf4 38. Kf2 Nxc4 39. Ne4 Ne5 40. Nc3 a3 41. Nb5 Rxd5 42. Nxa3 Rd3 43. Nb1 Ng4+ 44. Kf1 f3 45. Rd2 Nxh2+ 46. Kg1 Rxd2 47. Nxd2 Ng4 48. a4 Ne5 49. a5 Nc6 50. a6 Na7 51. Kf2 Kf7 52. Kxf3 Ke6 53. Ke4 d5+ 54. Kd3 Kd6 55. Nf3 c5 56. Nh4 c4+ 57. Kd4 Nb5+ 58. Ke3 Kc5 59. Nf5 h5 60. Nd4 Na7 61. Ne6+ Kd6 62. Ng7 Kc5 63. Nxh5 d4+ 64. Kd2 Kb4 65. Nf4 Kb3 66. Ne2 d3 1/2-1/2

[Event "Titled Tuesday intern op 30th Jan Late"]
[Site "Chess.com INT"]
[Date "2024.01.30"]
[Round "1"]
[White "Blit, Jacques"]
[Black "Muromtsev, Arthur"]
[Result "1-0"]
[WhiteElo "2309"]
[BlackElo "2027"]
[PlyCount "75"]
[EventDate "2024.01.30"]
[EventType "swiss (blitz)"]
[EventRounds "11"]
[EventCountry "USA"]
[SourceTitle "EXT 2025"]
[Source "ChessBase"]
[SourceDate "2024.10.14"]
[SourceVersion "1"]
[SourceVersionDate "2024.10.14"]
[SourceQuality "1"]

1. e4 e5 2. Nc3 Nf6 3. g3 Bc5 4. Bg2 a6 5. Nge2 Nc6 6. 0-0 h5 7. h3 d6 8. d3 h4 9. g4 Nxg4 10. hxg4 Bxg4 11. Kh2 Qd7 12. Be3 Nd4 13. Bxd4 Bxd4 14. f3 h3 15. Bh1 Be6 16. Nxd4 exd4 17. Ne2 c5 18. c3 dxc3 19. Nxc3 0-0-0 20. d4 Qc7 21. f4 f5 22. d5 Bd7 23. e5 dxe5 24. d6 Qb6 25. fxe5 Qxb2+ 26. Qe2 Qxc3 27. Rfc1 Qd4 28. Rab1 Qf4+ 29. Kg1 Qg3+ 30. Kf1 Bb5 31. Rxb5 axb5 32. Rxc5+ Kb8 33. Rc7 Qf4+ 34. Ke1 Qb4+ 35. Qd2 Qb1+ 36. Qd1 Qb4+ 37. Kf1 Qf4+ 38. Qf3 1-0

[Event "Titled Tuesday intern op 30th Jan Late"]
[Site "Chess.com INT"]
[Date "2024.01.30"]
[Round "5"]
[White "Collins, Adam"]
[Black "Muromtsev, Arthur"]
[Result "1-0"]
[WhiteElo "2189"]
[BlackElo "2027"]
[PlyCount "85"]
[EventDate "2024.01.30"]
[EventType "swiss (blitz)"]
[EventRounds "11"]
[EventCountry "USA"]
[SourceTitle "EXT 2025"]
[Source "ChessBase"]
[SourceDate "2024.10.14"]
[SourceVersion "1"]
[SourceVersionDate "2024.10.14"]
[SourceQuality "1"]

1. d4 Nf6 2. c4 c5 3. d5 g6 4. Nc3 Bg7 5. e4 d6 6. h3 0-0 7. Bg5 b5 8. cxb5 a6 9. a4 Qa5 10. Bd2 Qb4 11. Bd3 c4 12. Bc2 e6 13. Nge2 Qc5 14. Be3 Qc7 15. b6 Qb7 16. a5 exd5 17. Nxd5 Nxd5 18. Qxd5 Nc6 19. 0-0 Be6 20. Qd2 Rad8 21. Nd4 d5 22. Nxc6 Qxc6 23. e5 d4 24. Bf4 d3 25. Ba4 Qd5 26. Rfe1 h6 27. Bd1 g5 28. Bf3 Qd7 29. Bg3 Bd5 30. Bxd5 Qxd5 31. f4 Rfe8 32. fxg5 Bxe5 33. Bxe5 Rxe5 34. Rxe5 Qxe5 35. gxh6 Re8 36. Rf1 Qc5+ 37. Kh1 Qd5 38. Qf4 Kf8 39. Qg4 Re2 40. h7 Qe5 41. Qg8+ Ke7 42. h8Q Qd5 43. Qf8+ 1-0

[Event "RUS Cup tt"]
[Site "Sochi"]
[Date "2023.12.02"]
[Round "6.4"]
[White "Afanasiev, Nikita"]
[Black "Muromtsev, Arthur"]
[Result "1-0"]
[WhiteElo "2534"]
[BlackElo "2040"]
[PlyCount "20"]
[EventDate "2023.11.27"]
[EventType "team-swiss"]
[EventRounds "7"]
[EventCountry "RUS"]
[SourceTitle "CBM 217 Extra"]
[Source "ChessBase"]
[SourceDate "2024.01.31"]
[SourceVersion "1"]
[SourceVersionDate "2024.01.31"]
[SourceQuality "1"]
[WhiteTeam "KPRF Club"]
[BlackTeam "Krasnodarsk Region"]
[WhiteTeamCountry "RUS"]
[BlackTeamCountry "RUS"]

1. d4 Nf6 2. Nf3 g6 3. Nc3 d5 4. Bf4 Bg7 5. Nb5 Na6 6. e3 c6 7. Na3 0-0 8. Be2 Nc7 9. 0-0 Nh5 10. Be5 h6 1-0

[Event "RUS Cup tt"]
[Site "Sochi"]
[Date "2023.11.30"]
[Round "4.16"]
[White "Muromtsev, Arthur"]
[Black "Alekseev, Mikhail1"]
[Result "1-0"]
[WhiteElo "2040"]
[BlackElo "1864"]
[PlyCount "61"]
[EventDate "2023.11.27"]
[EventType "team-swiss"]
[EventRounds "7"]
[EventCountry "RUS"]
[SourceTitle "CBM 217 Extra"]
[Source "ChessBase"]
[SourceDate "2024.01.31"]
[SourceVersion "1"]
[SourceVersionDate "2024.01.31"]
[SourceQuality "1"]
[WhiteTeam "Krasnodarsk Region"]
[BlackTeam "Sport lits s Poda"]
[WhiteTeamCountry "RUS"]
[BlackTeamCountry "RUS"]

1. e4 c6 2. d4 d5 3. e5 Bf5 4. h4 h5 5. Bg5 Qb6 6. Bd3 Bxd3 7. Qxd3 e6 8. Nd2 Qa6 9. c4 dxc4 10. Nxc4 Bb4+ 11. Kf1 b5 12. Nd2 Be7 13. Ne2 Nh6 14. Ne4 Nf5 15. Bxe7 Kxe7 16. Qc3 Rd8 17. Rh3 Qb6 18. Rd1 b4 19. Qd2 Kf8 20. N4g3 Nd7 21. Nxf5 exf5 22. Rd3 Qb5 23. Kg1 Kg8 24. Ng3 g6 25. Nxh5 Kh7 26. Nf4 Nf8 27. h5 Qb7 28. hxg6+ fxg6 29. Rh3+ Kg8 30. Rg3 Qf7 31. Nxg6 1-0

[Event "RUS Cup tt"]
[Site "Sochi"]
[Date "2023.11.27"]
[Round "1.12"]
[White "Vasiliev, Artur"]
[Black "Muromtsev, Arthur"]
[Result "1/2-1/2"]
[WhiteElo "1906"]
[BlackElo "2040"]
[PlyCount "104"]
[EventDate "2023.11.27"]
[EventType "team-swiss"]
[EventRounds "7"]
[EventCountry "RUS"]
[SourceTitle "CBM 217 Extra"]
[Source "ChessBase"]
[SourceDate "2024.01.31"]
[SourceVersion "1"]
[SourceVersionDate "2024.01.31"]
[SourceQuality "1"]
[WhiteTeam "Sakha Qkutiya II"]
[BlackTeam "Krasnodarsk Region"]
[WhiteTeamCountry "RUS"]
[BlackTeamCountry "RUS"]

1. d4 Nf6 2. c4 c5 3. d5 b5 4. cxb5 a6 5. e3 axb5 6. Bxb5 Qa5+ 7. Nc3 Bb7 8. Bd2 Qb6 9. a4 Nxd5 10. Nxd5 Bxd5 11. Nf3 e6 12. 0-0 Qb7 13. Bc3 Be7 14. Re1 0-0 15. Nd2 f5 16. e4 fxe4 17. Qg4 Bf6 18. Nxe4 Bxe4 19. Qxe4 Qxe4 20. Rxe4 Kf7 21. Rae1 Ke7 22. Bxf6+ Rxf6 23. b4 cxb4 24. Rxb4 Ra7 25. Rc4 Rf5 26. f3 Rd5 27. Re2 Kd6 28. Rc8 Nc6 29. Rg8 Nd4 30. Rb2 Nf5 31. Kf2 g6 32. Rh8 h5 33. Rg8 Ne7 34. Rg7 g5 35. Rc2 h4 36. g3 hxg3+ 37. hxg3 Ra8 38. g4 Ra7 39. Kg3 Ra8 40. Rh2 Nc6 41. Rh5 Rf8 42. Rhxg5 Rxg5 43. Rxg5 Nd4 44. f4 Rc8 45. Re5 Rc3+ 46. Kg2 Rc2+ 47. Kf1 Ke7 48. Re4 Nxb5 49. axb5 Rb2 50. Re5 Rb4 51. f5 Rxg4 52. fxe6 dxe6 1/2-1/2

[Event "Chigorin Memorial 30th"]
[Site "St Petersburg"]
[Date "2023.10.28"]
[Round "8"]
[White "Melnikov, Dmitry"]
[Black "Muromtsev, Arthur"]
[Result "1/2-1/2"]
[WhiteElo "2243"]
[BlackElo "2031"]
[PlyCount "82"]
[EventDate "2023.10.21"]
[EventType "swiss"]
[EventRounds "9"]
[EventCountry "RUS"]
[SourceTitle "CBM 216 Extra"]
[Source "ChessBase"]
[SourceDate "2023.11.30"]
[SourceVersion "1"]
[SourceVersionDate "2023.11.30"]
[SourceQuality "1"]

1. e4 e5 2. Nf3 Nc6 3. Bb5 Nge7 4. Nc3 Ng6 5. d4 exd4 6. Nxd4 Nxd4 7. Qxd4 c6 8. Be2 Qb6 9. Qd1 Be7 10. 0-0 0-0 11. Rb1 d6 12. Be3 Qc7 13. f4 b5 14. Bd3 b4 15. Ne2 d5 16. exd5 cxd5 17. Bd4 f5 18. Qd2 a5 19. Ng3 Bc5 20. Qf2 Bd6 21. Nh5 Rf7 22. Rbe1 Ba6 23. Bxa6 Rxa6 24. Re8+ Nf8 25. Rfe1 Rc6 26. Qf3 Bc5 27. Qxd5 Bxd4+ 28. Qxd4 Rxc2 29. h3 Qc5 30. Qxc5 Rxc5 31. R1e5 Rc2 32. Rxa5 Rxb2 33. Rb8 g6 34. Ng3 Rd7 35. Raa8 Rf7 36. Nf1 Kg7 37. Ne3 Re7 38. Nc4 Re1+ 39. Kh2 Rc2 40. Ne5 Ree2 41. Ra7+ Kh6 1/2-1/2

[Event "RUS-chT Rapid"]
[Site "Sochi"]
[Date "2023.10.19"]
[Round "7.27"]
[White "Muromtsev, Arthur"]
[Black "Tsvetkov, Andrey1"]
[Result "0-1"]
[WhiteElo "2031"]
[BlackElo "2424"]
[PlyCount "72"]
[EventDate "2023.10.18"]
[EventType "team-swiss (rapid)"]
[EventRounds "9"]
[EventCountry "RUS"]
[SourceTitle "CBM 216 Extra"]
[Source "ChessBase"]
[SourceDate "2023.11.30"]
[SourceVersion "1"]
[SourceVersionDate "2023.11.30"]
[SourceQuality "1"]
[WhiteTeam "Saratov Muromtsev"]
[BlackTeam "Moscow MGFSO"]
[WhiteTeamCountry "RUS"]
[BlackTeamCountry "RUS"]

1. e4 c5 2. b3 g6 3. Bb2 Nf6 4. e5 Nd5 5. Nf3 Bg7 6. d4 Qa5+ 7. c3 cxd4 8. Qxd4 Nc6 9. Qe4 Nc7 10. b4 Qd5 11. Qe3 Qe6 12. Nbd2 Nxe5 13. Nd4 Qb6 14. f4 Ng4 15. Qf3 Bxd4 16. cxd4 Nf6 17. a3 d5 18. Bd3 Bg4 19. Qf2 Qe6+ 20. Kf1 Bf5 21. Be2 0-0 22. Re1 Ne4 23. Nxe4 Bxe4 24. h4 h5 25. Rh3 Qf5 26. Rg3 Ne6 27. Bc1 Rac8 28. Kg1 Kh7 29. Rh3 Rc2 30. Qe3 Rfc8 31. Bd2 Bxg2 32. Kxg2 Rxd2 33. Kg3 Rxd4 34. Rf1 Re4 35. Qd2 Rxe2 36. Qxe2 Rc3+ 0-1

[Event "Anapa Blitz op"]
[Site "Anapa"]
[Date "2023.10.06"]
[Round "7"]
[White "Muromtsev, Arthur"]
[Black "Lysenko, Margarita"]
[Result "0-1"]
[WhiteElo "2031"]
[BlackElo "2264"]
[PlyCount "52"]
[EventDate "2023.10.06"]
[EventType "swiss (blitz)"]
[EventRounds "13"]
[EventCountry "RUS"]
[SourceTitle "CBM 216 Extra"]
[Source "ChessBase"]
[SourceDate "2023.11.30"]
[SourceVersion "1"]
[SourceVersionDate "2023.11.30"]
[SourceQuality "1"]

1. e4 c5 2. b3 Nf6 3. Bb2 Nd5 4. e5 e6 5. Nf3 Nc3 6. dxc3 Nc6 7. Na3 d5 8. exd6 Bxd6 9. Bd3 0-0 10. Qe2 e5 11. 0-0-0 Qe7 12. Bxh7+ Kxh7 13. Qd3+ Kg8 14. Qxd6 Qxd6 15. Rxd6 Bg4 16. Nd2 Rac8 17. Re1 Rfe8 18. f3 Be6 19. Ne4 b6 20. Ng5 Bf5 21. g4 Bg6 22. Rd7 f6 23. Ne4 Bxe4 24. fxe4 Red8 25. Rb7 Rd6 26. Rg1 Rf8 0-1

[Event "Anapa Blitz op"]
[Site "Anapa"]
[Date "2023.10.06"]
[Round "10"]
[White "Muromtsev, Arthur"]
[Black "Zakaryan, David"]
[Result "0-1"]
[WhiteElo "2031"]
[BlackElo "2307"]
[PlyCount "109"]
[EventDate "2023.10.06"]
[EventType "swiss (blitz)"]
[EventRounds "13"]
[EventCountry "RUS"]
[SourceTitle "CBM 216 Extra"]
[Source "ChessBase"]
[SourceDate "2023.11.30"]
[SourceVersion "1"]
[SourceVersionDate "2023.11.30"]
[SourceQuality "1"]

1. e4 b6 2. d4 Bb7 3. Nc3 e6 4. f4 Bb4 5. Bd3 Nf6 6. Qe2 d5 7. e5 Ne4 8. Bd2 Nxd2 9. Qxd2 c5 10. a3 Bxc3 11. bxc3 c4 12. Be2 Qd7 13. Nh3 Nc6 14. 0-0 Ne7 15. a4 a5 16. Rfb1 Ra6 17. Qc1 h6 18. Nf2 Kd8 19. Nd1 h5 20. Ne3 g6 21. Qa3 Nf5 22. Nxf5 gxf5 23. Rb2 Kc7 24. Rab1 Bc6 25. Ra1 h4 26. Bf3 Kb7 27. Rbb1 Kc7 28. Rb2 Raa8 29. Rab1 Rab8 30. Ra1 Rb7 31. Rbb1 Kb8 32. Rb2 Ka7 33. Kf2 Qd8 34. Ke3 f6 35. exf6 Rf8 36. Rab1 Rxf6 37. Ra1 Rg6 38. Rab1 Rg8 39. Ra1 Qc7 40. Rab1 Rh8 41. Ra1 Be8 42. Rab1 Bh5 43. Rb5 Bxf3 44. gxf3 Rg8 45. R1b2 h3 46. Rb1 Rg2 47. Qf8 Rxc2 48. Qa3 Rxh2 49. R1b2 Rg2 50. Rxg2 hxg2 51. Qc1 Qg7 52. Qg1 Qg3 53. Rb2 Rg7 54. Re2 Rg4 55. Rf2 0-1

[Event "Anapa Blitz op"]
[Site "Anapa"]
[Date "2023.10.06"]
[Round "11"]
[White "Nedoroskov, Artem"]
[Black "Muromtsev, Arthur"]
[Result "0-1"]
[WhiteElo "1341"]
[BlackElo "2031"]
[PlyCount "134"]
[EventDate "2023.10.06"]
[EventType "swiss (blitz)"]
[EventRounds "13"]
[EventCountry "RUS"]
[SourceTitle "CBM 216 Extra"]
[Source "ChessBase"]
[SourceDate "2023.11.30"]
[SourceVersion "1"]
[SourceVersionDate "2023.11.30"]
[SourceQuality "1"]

1. d4 Nf6 2. Nf3 g6 3. g3 Bg7 4. Bg2 0-0 5. 0-0 d6 6. c3 Nbd7 7. Na3 e5 8. dxe5 dxe5 9. Bg5 h6 10. Bxf6 Bxf6 11. Qd2 Bg7 12. Rad1 c6 13. Qd6 Re8 14. e4 Bf8 15. Qd2 Bxa3 16. bxa3 Kg7 17. Qe3 Qe7 18. Rd2 Qxa3 19. Rfd1 Qe7 20. Rd6 Nb6 21. Qc5 Bg4 22. Qb4 Nc8 23. R6d3 Qxb4 24. cxb4 Nb6 25. h3 Bxf3 26. Bxf3 Kf6 27. h4 Ke7 28. h5 Rad8 29. hxg6 fxg6 30. Kg2 Rxd3 31. Rxd3 Rd8 32. Rxd8 Kxd8 33. Bg4 Ke7 34. f4 Nc4 35. Kf2 b6 36. Ke2 Nd6 37. Kd3 Kf6 38. Bd7 c5 39. bxc5 bxc5 40. Ke3 c4 41. Ba4 Nb7 42. Kd2 Nc5 43. Bc2 h5 44. Kc3 Ne6 45. fxe5+ Kxe5 46. Kxc4 g5 47. Bd1 h4 48. gxh4 gxh4 49. Bg4 Ng5 50. Kb5 Nxe4 51. Ka6 Nc3 52. a3 Kf4 53. Bc8 Ke5 54. Kxa7 Nb5+ 55. Kb6 Nxa3 56. Bb7 Nc2 57. Kc5 Ne3 58. Kb4 h3 59. Kc3 h2 60. Bh1 Kf4 61. Kd3 Ng4 62. Ke2 Kg3 63. Kf1 Nf2 64. Ba8 Nd3 65. Bh1 Ne5 66. Ba8 Nf3 67. Bxf3 Kxf3 0-1

[Event "Anapa Rapid op"]
[Site "Anapa"]
[Date "2023.10.05"]
[Round "9"]
[White "Khripachenko, Alexander"]
[Black "Muromtsev, Arthur"]
[Result "1-0"]
[WhiteElo "2259"]
[BlackElo "2031"]
[PlyCount "63"]
[EventDate "2023.10.03"]
[EventType "swiss (rapid)"]
[EventRounds "11"]
[EventCountry "RUS"]
[SourceTitle "CBM 216 Extra"]
[Source "ChessBase"]
[SourceDate "2023.11.30"]
[SourceVersion "1"]
[SourceVersionDate "2023.11.30"]
[SourceQuality "1"]

1. e4 e5 2. Nf3 Nc6 3. Bb5 a6 4. Ba4 Nge7 5. 0-0 g6 6. c3 Bg7 7. d4 exd4 8. cxd4 b5 9. Bc2 d5 10. exd5 Nxd5 11. Re1+ Be6 12. Bg5 Qd7 13. Nbd2 0-0 14. Nb3 Qd6 15. Bh4 Bg4 16. Bg3 Qf6 17. Be4 Rad8 18. Qc2 Bxf3 19. Bxf3 Nxd4 20. Nxd4 Qxd4 21. Rad1 Nb4 22. Qxc7 Rde8 23. a3 Rxe1+ 24. Rxe1 Nd3 25. Rd1 Qc4 26. b4 Re8 27. h4 Nb2 28. Rd8 Qe6 29. Bd5 Qe1+ 30. Kh2 Kh8 31. Bxf7 Rf8 32. Rxf8+ 1-0

[Event "Anapa Rapid op"]
[Site "Anapa"]
[Date "2023.10.04"]
[Round "4"]
[White "Muromtsev, Arthur"]
[Black "Mikhailovsky, Vladimir"]
[Result "0-1"]
[WhiteElo "2031"]
[BlackElo "2215"]
[PlyCount "74"]
[EventDate "2023.10.03"]
[EventType "swiss (rapid)"]
[EventRounds "11"]
[EventCountry "RUS"]
[SourceTitle "CBM 216 Extra"]
[Source "ChessBase"]
[SourceDate "2023.11.30"]
[SourceVersion "1"]
[SourceVersionDate "2023.11.30"]
[SourceQuality "1"]

1. e4 c6 2. d4 d5 3. e5 Bf5 4. h4 h5 5. Bg5 Qb6 6. Bd3 Qxd4 7. Nf3 Qg4 8. Bxf5 Qxf5 9. 0-0 f6 10. c4 fxg5 11. Qb3 b6 12. cxd5 gxh4 13. Nc3 Nd7 14. dxc6 Nc5 15. Qb5 h3 16. c7+ Qd7 17. Rfd1 Qxb5 18. Nxb5 a6 19. b4 Rc8 20. bxc5 bxc5 21. Nd6+ exd6 22. exd6 Nf6 23. Ne5 Bxd6 24. Rxd6 Rxc7 25. Re6+ Kd8 26. Rb1 Re8 27. Rd6+ Ke7 28. Nc4 hxg2 29. Rxa6 Rd8 30. Re1+ Kf7 31. Kxg2 Rd4 32. Ne5+ Kg8 33. a4 Re7 34. Ra8+ Kh7 35. a5 Ra4 36. a6 Re6 37. a7 Re7 0-1